Responses for Show #1515 - Friday, March 15, 1991

Game entered from audiorecording. Missing prizes.

Contestants

[<< previous game]

Jim Flynn, a stockbroker from Farmington, Connecticut

Karen Foster, a school administrator from Washington, D.C.

Marc Goldberg, an anesthesiologist from Cinnaminson, New Jersey (whose 1-day cash winnings total $1,599)

Jeopardy! Round responses

FLOWERS & TREES
NAME'S THE SAME
THE COMICS
WORLD HISTORY
BOWLING
THOMAS EDISON
    $100 24
the daffodil

Karen
    $100 16
march

Marc
    $100 6
Snoopy

Marc
    $100 1
World War II

Jim
    $100 21
(Marc: What is 10?)

12

MarcJim
    $100 11
(Karen: What's a record player, or [*]?)

phonograph

Karen
    $700 25
the carnation

Karen
    $200 17
hives

Karen
    $200 7
Little Orphan Annie

Jim
    $200 2
Dutch West India Company (Dutch West Indies Company accepted)

Jim
    $200 22
16 pounds

Triple Stumper
    $200 12
turn out their lights

Marc
    $300 26
perennial

Karen
    $300 18
Dizzy

Marc
    $300 8
Dick Tracy

Marc
    $300 3
Rafsanjani

Marc
    $300 23
the automatic pinsetter

Karen
    $300 13
Alva

Marc
    $400 27
(Karen: What's a sequoia? [originally ruled incorrect])

the redwood

MarcKaren
    $400 19
Tom Jones

Jim
    $400 9
Barney Google

Jim
    $400 4
(Marc: What is the Crimean War?)

the War of 1812

MarcJim
    $400 29
Akron, Ohio

Triple Stumper
    $400 14
the telephone

Marc
    $500 28
defoliant

Marc
    $500 20
John Phillips

Triple Stumper
    $500 10
Flo

Triple Stumper
    $500 5
Charles I

Marc
    $500 30
Dick Weber

Triple Stumper
    $500 15
Dearborn

Marc

Scores at the first commercial break (after clue 15):

Marc Karen Jim
$2,200 $100 $1,300

Scores at the end of the Jeopardy! Round:

Marc Karen Jim
$3,400 $2,100 $1,800

Double Jeopardy! Round responses

THE 1930s
MUSICIANS
BOOKS & AUTHORS
IRELAND
SHIPS
WORDS ABOUT BIRDS
    $200 15
the Golden Gate Bridge

Jim
    $200 22
Westminster Abbey

Jim
    $200 3
China

Marc
    $200 1
a mountain

Jim
    $200 10
the Titanic

Jim
    $200 9
Who killed Cock Robin?

Jim
    $400 16
fear itself

Karen
    $400 23
Wagner

Karen
    $400 5
Iris Murdoch

Karen
    $400 2
Limerick

Karen
    $400 11
the Sirius

Marc
    $400 27
"The Raven"

Karen
    $600 19
Huey Long

Karen
    $600 24
Leonard Bernstein

Triple Stumper
    $600 6
(John) Cheever

Marc
    $600 4
the potato famine

Karen
    $600 12
Paul Revere

Marc
    $600 28
a pelican

Jim
    $800 20
the Bonus Army

Marc
    $800 25
the piano

Marc
    $800 17
Rabbit is Rich

Karen
    $2,000 7
Aer Lingus

Marc
    $800 13
the QE2

Jim
    $800 30
a bird in a gilded cage

Karen
    $1000 21
Father (Charles) Coughlin

Karen
    $500 26
(Marc: [No response])
(Alex: When you think of [*], you almost always think of Bertolt Brecht. Brecht. [*].)

Kurt Weill

Marc
    $1000 18
Toni Morrison

Karen
    $1000 8
(Alex: The brown lizard.)

reptiles

Triple Stumper
    $1000 14
the Lusitania

Jim
    $1000 29
the eagle

Marc

Scores at the end of the Double Jeopardy! Round:

Marc Karen Jim
$9,300 $8,900 $5,200

[wagering suggestions for these scores]

Final Jeopardy! Round responses

ELECTIONS
(Alex: Oh, those mid-19th century Presidents. We'll see how much trouble they caused today.)
JimWhat is Fillmore?
$5,200
KarenWhat was we'll do nothing?
$8,900
MarcWhat is burn 'em?
$9,000
Pierce

Final scores:

Marc Karen Jim
$300 $0 $0
2-day champion: $1,899 2nd place 3rd place

Game dynamics:

Coryat scores:

Marc Karen Jim
$8,600 $8,400 $5,200
20 R
(including 1 DD),
3 W
(including 1 DD)
18 R
(including 1 DD),
0 W
15 R,
0 W

Combined Coryat: $22,200

[game clues] [game scores] [suggest correction]

Game tape date: 1991-01-28
The J! Archive is created by fans, for fans. Scraping, republication, monetization, and malicious use prohibited; this site may use cookies and collect identifying information. See terms. The Jeopardy! game show and all elements thereof, including but not limited to copyright and trademark thereto, are the property of Jeopardy Productions, Inc. and are protected under law. This website is not affiliated with, sponsored by, or operated by Jeopardy Productions, Inc. Join the discussion at JBoard.tv.